| 000 | 00515nam a2200193Ia 4500 | ||
|---|---|---|---|
| 005 | 20250423100634.0 | ||
| 008 | 250422s9999 xx 000 0 und d | ||
| 020 | _a0030317363 | ||
| 050 | _aQC 21.3 .S47/ | ||
| 100 | _aSerway, Raymond A...[et.all] | ||
| 245 | 0 | _aPrinciples of physics : a calculus-based text : study guide/student solutions manual | |
| 250 | _a3rd ed. | ||
| 260 | _aAustralia | ||
| 260 | _bBrooks/Cole | ||
| 260 | _c2002 | ||
| 300 | _a278 p | ||
| 650 | _aPhysics. Calculus. | ||
| 942 | _cBK | ||
| 999 |
_c33912 _d33912 |
||